[Event "EYCC 2024 - O14"]
[Site "?"]
[Date "2024.08.25"]
[Round "4.10"]
[White "Meher, Adwaye"]
[Black "Sandmann, Villads Majvang"]
[Result "1-0"]
[BlackElo "2068"]
[WhiteElo "1662"]
[LiveChessVersion "1.4.8"]

1. e4 {[%clk 1:30:58]} c5 {[%clk 1:30:55]} 2. c3 {[%clk 1:31:25]} Nf6
{[%clk 1:31:20]} 3. e5 {[%clk 1:31:51]} Nd5 {[%clk 1:31:43]} 4. Nf3
{[%clk 1:32:17]} d6 {[%clk 1:32:06]} 5. d4 {[%clk 1:32:37]} cxd4 {[%clk 1:32:20]}
6. cxd4 {[%clk 1:33:03]} Nc6 {[%clk 1:32:42]} 7. Bc4 {[%clk 1:33:30]} Nb6
{[%clk 1:33:08]} 8. Bb5 {[%clk 1:33:56]} dxe5 {[%clk 1:33:31]} 9. Nxe5
{[%clk 1:34:21]} Bd7 {[%clk 1:33:55]} 10. Nxd7 {[%clk 1:34:40]} Qxd7
{[%clk 1:34:19]} 11. O-O {[%clk 1:34:50]} e6 {[%clk 1:34:39]} 12. Nc3
{[%clk 1:35:01]} Rd8 {[%clk 1:34:36]} 13. Qf3 {[%clk 1:34:29]} Be7
{[%clk 1:32:04]} 14. Be3 {[%clk 1:33:05]} O-O {[%clk 1:29:21]} 15. Rad1
{[%clk 1:31:08]} Nd5 {[%clk 1:17:22]} 16. Bd3 {[%clk 1:22:03]} Ncb4
{[%clk 1:13:22]} 17. Bb1 {[%clk 1:21:28]} Nf6 {[%clk 1:04:31]} 18. a3
{[%clk 1:12:44]} Nbd5 {[%clk 1:04:50]} 19. Nxd5 Nxd5 20. Qe4 {[%clk 1:13:21]} Nf6
{[%clk 0:59:12]} 21. Qh4 {[%clk 1:11:24]} h6 {[%clk 0:48:25]} 22. Bxh6
{[%clk 1:05:53]} gxh6 {[%clk 0:27:59]} 23. Qxh6 {[%clk 1:06:12]} Qb5
{[%clk 0:25:47]} 24. Rd3 {[%clk 1:06:23]} Qxd3 {[%clk 0:24:15]} 25. Bxd3
{[%clk 1:06:49]} Rxd4 {[%clk 0:24:40]} 26. Rd1 {[%clk 1:07:00]} Rfd8
{[%clk 0:24:34]} 27. Qg5+ {[%clk 1:05:22]} Kf8 {[%clk 0:24:05]} 28. Qb5
{[%clk 1:05:32]} Ne4 {[%clk 0:17:40]} 29. Kf1 {[%clk 1:03:41]} Nc5
{[%clk 0:17:04]} 30. Bc2 {[%clk 1:03:16]} Rxd1+ {[%clk 0:17:27]} 31. Bxd1
{[%clk 1:03:42]} Rxd1+ {[%clk 0:17:52]} 32. Ke2 {[%clk 1:04:08]} Rd5
{[%clk 0:15:55]} 33. b4 {[%clk 1:02:10]} Ne4 {[%clk 0:12:42]} 34. Qxb7
{[%clk 1:01:30]} f5 {[%clk 0:11:50]} 35. Qxa7 {[%clk 1:00:46]} Rd2+
{[%clk 0:12:07]} 36. Ke3 {[%clk 0:59:42]} Rxf2 {[%clk 0:11:25]} 37. Qa8+
{[%clk 0:59:02]} Kf7 {[%clk 0:11:47]} 38. Qxe4 {[%clk 0:59:22]} fxe4
{[%clk 0:11:47]} 39. Kxf2 {[%clk 0:59:48]} Kf6 {[%clk 0:10:46]} 40. Ke3
{[%clk 1:00:06]} Ke5 {[%clk 0:10:58]} 41. g3 {[%clk 1:00:16]} Kd5
{[%clk 0:05:45]} 42. h4 {[%clk 0:59:31]} Ke5 {[%clk 0:05:32]} 43. h5
{[%clk 0:59:49]} Bg5+ {[%clk 0:05:58]} 44. Ke2 {[%clk 1:00:15]} Kf5
{[%clk 0:03:07]} 45. b5 {[%clk 0:59:46]} Bd8 {[%clk 0:02:31]} 46. g4+
{[%clk 0:59:36]} Kg5 {[%clk 0:01:50]} 47. Ke3 {[%clk 1:00:02]} Kxg4
{[%clk 0:00:37]} 48. h6 {[%clk 0:59:17]} Bg5+ {[%clk 0:01:02]} 49. Kxe4
{[%clk 0:59:43]} Bxh6 {[%clk 0:01:28]} 50. Ke5 {[%clk 1:00:06]} Kf3
{[%clk 0:01:34]} 51. a4 {[%clk 1:00:02]} Bf4+ {[%clk 0:00:47]} 52. Kxe6
{[%clk 1:00:13]} Ke4 {[%clk 0:00:58]} 53. a5 {[%clk 1:00:05]} Kd3
{[%clk 0:00:38]} 54. a6 {[%clk 1:00:06]} Be3 {[%clk 0:01:05]} 55. Kd5
{[%clk 1:00:29]} Kc3 {[%clk 0:01:21]} 56. Kc6 {[%clk 1:00:53]} Kb4
{[%clk 0:01:42]} 57. b6 1-0

[Event "EYCC 2024 - O14"]
[Site "?"]
[Date "2024.08.25"]
[Round "4.11"]
[White "Alizada, Pasham"]
[Black "Prober, Raphael"]
[Result "1-0"]
[BlackElo "1878"]
[WhiteElo "2066"]
[LiveChessVersion "1.4.8"]

1. d4 {[%clk 1:30:46]} Nf6 {[%clk 1:30:53]} 2. Nc3 {[%clk 1:31:13]} d5
{[%clk 1:31:15]} 3. Bf4 {[%clk 1:31:40]} e6 {[%clk 1:31:36]} 4. Nb5
{[%clk 1:32:08]} Na6 {[%clk 1:31:58]} 5. e3 {[%clk 1:32:35]} Be7 {[%clk 1:32:18]}
6. Nf3 {[%clk 1:30:27]} O-O {[%clk 1:32:39]} 7. Ne5 {[%clk 1:30:50]} Ne4
{[%clk 1:32:58]} 8. f3 {[%clk 1:24:46]} Nf6 {[%clk 1:33:23]} 9. g4
{[%clk 1:22:59]} Ne8 {[%clk 1:33:14]} 10. Qd2 {[%clk 1:17:45]} c6
{[%clk 1:31:57]} 11. Nc3 {[%clk 1:18:10]} c5 {[%clk 1:32:14]} 12. Bxa6
{[%clk 1:16:43]} bxa6 {[%clk 1:32:38]} 13. Nc6 {[%clk 1:16:33]} Bh4+
{[%clk 1:31:28]} 14. Bg3 {[%clk 1:06:12]} Qf6 {[%clk 1:21:54]} 15. Qf2
{[%clk 1:03:10]} Bxg3 {[%clk 1:21:55]} 16. Qxg3 {[%clk 1:02:02]} Kh8
{[%clk 1:19:15]} 17. O-O-O {[%clk 0:46:53]} cxd4 {[%clk 1:17:08]} 18. g5
{[%clk 0:45:08]} Qg6 {[%clk 1:12:38]} 19. Ne7 {[%clk 0:40:31]} Qh5
{[%clk 1:12:56]} 20. Rxd4 {[%clk 0:40:58]} f6 {[%clk 1:12:29]} 21. Rh4
{[%clk 0:41:21]} Qxg5 {[%clk 1:12:08]} 22. f4 {[%clk 0:41:42]} 1-0

[Event "EYCC 2024 - O14"]
[Site "?"]
[Date "2024.08.25"]
[Round "4.12"]
[White "Kurt, Sascha"]
[Black "Gvasalia, Gaga"]
[Result "1/2-1/2"]
[BlackElo "1820"]
[WhiteElo "2064"]
[LiveChessVersion "1.4.8"]

1. e4 {[%clk 1:30:57]} c5 {[%clk 1:30:55]} 2. Nf3 {[%clk 1:31:21]} e6
{[%clk 1:31:14]} 3. d4 {[%clk 1:31:47]} cxd4 {[%clk 1:31:40]} 4. Nxd4
{[%clk 1:32:12]} Nc6 {[%clk 1:32:04]} 5. Nc3 {[%clk 1:32:37]} Qc7
{[%clk 1:32:27]} 6. Be3 {[%clk 1:33:00]} a6 {[%clk 1:32:51]} 7. a3
{[%clk 1:33:19]} b5 {[%clk 1:33:09]} 8. Nxc6 {[%clk 1:33:40]} dxc6
{[%clk 1:31:31]} 9. Qg4 {[%clk 1:33:53]} Nf6 {[%clk 1:27:35]} 10. Qg3
{[%clk 1:33:58]} Qxg3 {[%clk 1:24:43]} 11. hxg3 {[%clk 1:34:19]} c5
{[%clk 1:24:37]} 12. f3 {[%clk 1:29:54]} Bb7 {[%clk 1:13:41]} 13. a4
{[%clk 1:29:31]} b4 {[%clk 1:13:28]} 14. Nb1 {[%clk 1:29:56]} Bd6
{[%clk 1:07:07]} 15. Kf2 {[%clk 1:30:11]} Nd7 {[%clk 1:01:44]} 16. Nd2
{[%clk 1:28:31]} a5 {[%clk 0:46:44]} 17. Bb5 {[%clk 1:26:31]} Ba6
{[%clk 0:41:19]} 18. Nc4 {[%clk 1:24:06]} Bc7 {[%clk 0:40:47]} 19. Bxa6
{[%clk 1:17:45]} Rxa6 {[%clk 0:41:15]} 20. Rh5 {[%clk 1:17:23]} g6
{[%clk 0:10:32]} 21. Rh6 {[%clk 1:17:46]} Kf8 {[%clk 0:10:57]} 22. Rd1
{[%clk 1:17:55]} Ne5 {[%clk 0:11:15]} 23. Nxe5 {[%clk 1:12:46]} Bxe5
{[%clk 0:11:29]} 24. Rhh1 {[%clk 1:11:52]} h5 {[%clk 0:08:01]} 25. Bxc5+
{[%clk 1:11:56]} Kg7 {[%clk 0:08:17]} 26. Bd4 {[%clk 1:10:58]} Bxd4+
{[%clk 0:08:41]} 27. Rxd4 {[%clk 1:11:26]} Rc8 {[%clk 0:09:10]} 28. Rc1
{[%clk 1:11:39]} Rac6 {[%clk 0:09:29]} 29. Rd2 {[%clk 1:11:55]} Rc4
{[%clk 0:09:10]} 30. Ke3 {[%clk 1:06:37]} b3 {[%clk 0:09:26]} 31. Kd3
{[%clk 1:06:24]} e5 {[%clk 0:06:03]} 32. c3 {[%clk 1:01:25]} Rxa4
{[%clk 0:06:28]} 33. c4 {[%clk 1:01:39]} Rc5 {[%clk 0:05:20]} 34. Rc3
{[%clk 1:00:42]} Rb4 {[%clk 0:05:18]} 35. Rd1 {[%clk 0:52:23]} a4
{[%clk 0:03:55]} 36. Rdc1 {[%clk 0:52:11]} 1/2-1/2

[Event "EYCC 2024 - O14"]
[Site "?"]
[Date "2024.08.25"]
[Round "4.13"]
[White "Tripathi, Pratyush"]
[Black "Marin Ferragut, Pau"]
[Result "0-1"]
[BlackElo "2338"]
[WhiteElo "1950"]
[LiveChessVersion "1.4.8"]

1. d4 {[%clk 1:30:25]} d6 {[%clk 1:30:08]} 2. e4 {[%clk 1:30:39]} Nf6
{[%clk 1:29:57]} 3. Nc3 {[%clk 1:29:57]} g6 {[%clk 1:30:01]} 4. Nf3
{[%clk 1:30:19]} Bg7 {[%clk 1:30:05]} 5. Be2 {[%clk 1:30:44]} O-O
{[%clk 1:29:42]} 6. O-O {[%clk 1:29:53]} c6 {[%clk 1:29:19]} 7. a4
{[%clk 1:29:50]} Qc7 {[%clk 1:27:25]} 8. h3 {[%clk 1:28:44]} e5 {[%clk 1:26:48]}
9. Re1 {[%clk 1:26:37]} Nbd7 {[%clk 1:23:40]} 10. Be3 {[%clk 1:19:57]} Rd8
{[%clk 1:20:25]} 11. Qd2 {[%clk 1:19:22]} Nf8 {[%clk 1:19:54]} 12. Rad1
{[%clk 1:15:48]} Be6 {[%clk 1:07:30]} 13. Qc1 {[%clk 1:15:31]} a6
{[%clk 1:05:26]} 14. Ng5 {[%clk 1:06:27]} exd4 {[%clk 0:59:47]} 15. Bxd4
{[%clk 1:06:29]} b5 {[%clk 0:58:57]} 16. Qe3 {[%clk 1:03:23]} Qe7
{[%clk 0:57:47]} 17. e5 {[%clk 1:01:15]} dxe5 {[%clk 0:54:56]} 18. Bxe5
{[%clk 1:01:27]} b4 {[%clk 0:54:47]} 19. Nxe6 {[%clk 0:58:37]} Qxe6
{[%clk 0:53:41]} 20. Rxd8 {[%clk 0:56:53]} Rxd8 {[%clk 0:51:27]} 21. Bxf6
{[%clk 0:55:24]} Qxf6 {[%clk 0:42:46]} 22. Nd1 {[%clk 0:53:10]} a5
{[%clk 0:42:05]} 23. c3 {[%clk 0:45:56]} bxc3 {[%clk 0:38:09]} 24. Nxc3
{[%clk 0:45:18]} Rb8 {[%clk 0:37:54]} 25. Qd2 {[%clk 0:43:50]} Qd4
{[%clk 0:36:45]} 26. Qxd4 {[%clk 0:36:06]} Bxd4 {[%clk 0:37:14]} 27. Rd1
{[%clk 0:36:29]} Ne6 {[%clk 0:37:17]} 28. Rd2 {[%clk 0:35:25]} Rb4
{[%clk 0:36:36]} 29. Bf3 {[%clk 0:30:56]} Bxc3 {[%clk 0:29:12]} 30. bxc3
{[%clk 0:30:55]} Rxa4 {[%clk 0:29:41]} 31. Bxc6 {[%clk 0:31:08]} Rc4
{[%clk 0:27:15]} 32. Bd5 {[%clk 0:30:50]} Rxc3 {[%clk 0:27:16]} 33. Bxe6
{[%clk 0:31:16]} fxe6 {[%clk 0:26:50]} 34. Rd7 {[%clk 0:31:41]} a4
{[%clk 0:26:01]} 35. Ra7 {[%clk 0:31:52]} a3 {[%clk 0:25:33]} 36. h4
{[%clk 0:31:33]} e5 {[%clk 0:24:35]} 37. g3 {[%clk 0:31:54]} Rc1+
{[%clk 0:23:33]} 38. Kg2 {[%clk 0:32:20]} Ra1 {[%clk 0:23:47]} 39. Re7
{[%clk 0:30:44]} a2 {[%clk 0:23:46]} 40. Ra7 {[%clk 0:31:11]} e4 {[%clk 0:23:33]}
41. Ra4 {[%clk 0:31:10]} Kf7 {[%clk 0:23:30]} 42. Ra6 {[%clk 0:31:22]} Ke7
{[%clk 0:23:49]} 43. Ra7+ {[%clk 0:31:39]} Kd6 {[%clk 0:23:59]} 44. Ra5
{[%clk 0:32:04]} Kc6 {[%clk 0:24:08]} 45. Ra8 {[%clk 0:32:12]} Kd5
{[%clk 0:24:16]} 46. Ra4 {[%clk 0:32:15]} Kc5 {[%clk 0:24:43]} 47. Ra8
{[%clk 0:32:40]} Kc4 {[%clk 0:25:04]} 48. Ra7 {[%clk 0:33:00]} h6
{[%clk 0:24:06]} 49. Ra8 {[%clk 0:33:10]} g5 {[%clk 0:22:17]} 50. hxg5
{[%clk 0:31:09]} hxg5 {[%clk 0:22:46]} 51. Ra7 {[%clk 0:31:31]} g4
{[%clk 0:23:00]} 52. Ra8 {[%clk 0:31:59]} Kd3 {[%clk 0:22:58]} 53. Ra4
{[%clk 0:31:50]} Kd2 {[%clk 0:21:20]} 54. Ra3 {[%clk 0:31:16]} Kd1
{[%clk 0:18:24]} 55. Ra8 {[%clk 0:31:00]} Kc2 {[%clk 0:18:48]} 56. Rc8+
{[%clk 0:31:22]} Kd3 {[%clk 0:18:23]} 57. Ra8 {[%clk 0:31:48]} Ke2
{[%clk 0:15:03]} 58. Ra5 {[%clk 0:31:40]} e3 {[%clk 0:14:49]} 59. fxe3
{[%clk 0:32:05]} Kxe3 {[%clk 0:15:13]} 60. Ra8 {[%clk 0:32:30]} Rd1
{[%clk 0:15:32]} 0-1

[Event "EYCC 2024 - O14"]
[Site "?"]
[Date "2024.08.25"]
[Round "4.14"]
[White "Breuil, Virgile"]
[Black "Afek, Itay"]
[Result "1-0"]
[BlackElo "1940"]
[WhiteElo "2251"]
[LiveChessVersion "1.4.8"]

1. e4 {[%clk 1:30:54]} c6 {[%clk 1:30:54]} 2. Nc3 {[%clk 1:31:18]} d5
{[%clk 1:31:18]} 3. Nf3 {[%clk 1:31:40]} dxe4 {[%clk 1:31:43]} 4. Nxe4
{[%clk 1:32:04]} Nf6 {[%clk 1:32:08]} 5. Nxf6+ {[%clk 1:32:16]} exf6
{[%clk 1:32:28]} 6. Bc4 {[%clk 1:32:26]} Bd6 {[%clk 1:32:04]} 7. Qe2+
{[%clk 1:32:23]} Qe7 {[%clk 1:32:03]} 8. O-O {[%clk 1:31:45]} Qxe2
{[%clk 1:31:54]} 9. Bxe2 {[%clk 1:32:06]} O-O {[%clk 1:32:04]} 10. d4
{[%clk 1:31:44]} Re8 {[%clk 1:32:02]} 11. Bd3 {[%clk 1:30:15]} Bg4
{[%clk 1:30:19]} 12. Be3 {[%clk 1:25:00]} Nd7 {[%clk 1:28:53]} 13. Nd2
{[%clk 1:23:02]} Rad8 {[%clk 1:24:10]} 14. h3 {[%clk 1:19:51]} Be6
{[%clk 1:20:31]} 15. Rad1 {[%clk 1:10:02]} Bc7 {[%clk 1:17:49]} 16. c4
{[%clk 1:08:49]} Ne5 {[%clk 1:10:17]} 17. Be2 {[%clk 1:04:49]} Ng6
{[%clk 1:08:11]} 18. Rfe1 {[%clk 1:02:48]} Nf4 {[%clk 1:05:38]} 19. Bf1
{[%clk 1:02:26]} Bf5 {[%clk 1:02:58]} 20. Nb3 {[%clk 0:58:51]} Bd6
{[%clk 0:51:45]} 21. Na5 {[%clk 0:46:26]} Bc8 {[%clk 0:36:52]} 22. a3
{[%clk 0:45:26]} Bc7 {[%clk 0:36:13]} 23. b4 {[%clk 0:45:24]} h5 {[%clk 0:34:38]}
24. Nb3 {[%clk 0:41:27]} b6 {[%clk 0:33:06]} 25. a4 {[%clk 0:28:32]} Bb7
{[%clk 0:28:16]} 26. g3 Ng6 {[%clk 0:28:03]} 27. Bg2 {[%clk 0:27:10]} h4
{[%clk 0:28:09]} 28. g4 {[%clk 0:26:24]} Ba8 {[%clk 0:26:49]} 29. b5
{[%clk 0:24:08]} cxb5 {[%clk 0:26:56]} 30. axb5 {[%clk 0:24:26]} Bxg2
{[%clk 0:25:45]} 31. Kxg2 {[%clk 0:24:51]} Re7 {[%clk 0:25:44]} 32. d5
{[%clk 0:21:53]} Bd6 {[%clk 0:24:31]} 33. Nd4 {[%clk 0:21:17]} Rc7
{[%clk 0:24:10]} 34. Nc6 {[%clk 0:21:19]} Rdd7 {[%clk 0:24:15]} 35. Ra1
{[%clk 0:17:57]} Ne5 {[%clk 0:22:22]} 36. Ra4 {[%clk 0:18:04]} Nd3
{[%clk 0:20:53]} 37. Re2 {[%clk 0:16:03]} Bc5 {[%clk 0:18:39]} 38. Rea2
{[%clk 0:15:05]} Bxe3 {[%clk 0:18:32]} 39. fxe3 {[%clk 0:15:25]} Ne5
{[%clk 0:18:43]} 40. e4 {[%clk 0:12:48]} g6 {[%clk 0:17:26]} 41. Kf2
{[%clk 0:12:26]} Kg7 {[%clk 0:17:54]} 42. g5 {[%clk 0:11:04]} Nd3+
{[%clk 0:17:13]} 43. Ke3 {[%clk 0:11:15]} Nc5 {[%clk 0:16:46]} 44. gxf6+
{[%clk 0:11:26]} Kxf6 {[%clk 0:17:14]} 45. Rxa7 {[%clk 0:11:03]} Rxa7
{[%clk 0:16:48]} 46. Rxa7 {[%clk 0:11:16]} Rxa7 {[%clk 0:14:36]} 47. Nxa7
{[%clk 0:11:40]} Nd7 {[%clk 0:14:15]} 48. Nc6 {[%clk 0:11:14]} Nc5
{[%clk 0:13:23]} 49. Kf4 {[%clk 0:08:36]} g5+ {[%clk 0:13:34]} 50. Kf3
{[%clk 0:08:10]} Nd7 {[%clk 0:12:34]} 51. Kg4 {[%clk 0:05:46]} Nc5
{[%clk 0:12:08]} 52. e5+ {[%clk 0:05:47]} Kg6 {[%clk 0:12:36]} 53. Ne7+
{[%clk 0:06:08]} Kh6 {[%clk 0:12:49]} 54. Kf5 {[%clk 0:05:18]} Kh5
{[%clk 0:13:02]} 55. Ng8 {[%clk 0:05:15]} 1-0